Compo - Marseille 1-0 AC Milan 1993 - Champions League Final - Statistiques

Statistiques générales
  • Ce quiz a été pris 63 fois
  • Le résultat moyen est 7 sur 11
Statistiques - réponses
Joueur/Club % Correct
B. Boli
98%
F. Barthez
95%
D. Deschamps
87%
M. Desailly
73%
E. Di Meco
69%
R. Völler
67%
A. Pelé
64%
A. Bokšić
49%
J. Angloma
45%
F. Sauzée
42%
J. Eydelie
20%
Aucun quiz correspondant
Distribution des résultats
% des personnes avec chaque résultat
Percentile par nombre de réponses
Votre historique - résultats
Vous n’avez pas pris ce quiz